Sports Quiz

Random Sports or MLB Quiz

MLB Top 5 HR Hitters (1970-2009) Quiz Stats

 Plays Quiz Updated Oct 12, 2012

Support Sporcle.
Go Orange.
Score 0/200 Timer 20:00
11 Plays Today
Year Player % Correct
2004Barry Bonds
95.7%
2003Barry Bonds
95.7%
2002Barry Bonds
95.7%
2001Barry Bonds
95.7%
2000Barry Bonds
95.7%
1994Barry Bonds
95.7%
1993Barry Bonds
95.7%
2009Albert Pujols
95.2%
2008Albert Pujols
95.2%
2006Albert Pujols
95.2%
2004Albert Pujols
95.2%
2007Alex Rodriguez
94.5%
2005Alex Rodriguez
94.5%
2003Alex Rodriguez
94.5%
2002Alex Rodriguez
94.5%
2001Alex Rodriguez
94.5%
2009Ryan Howard
94.1%
2008Ryan Howard
94.1%
2007Ryan Howard
94.1%
2006Ryan Howard
94.1%
1973Bobby Bonds
93.9%
1971Bobby Bonds
93.9%
2002Sammy Sosa
92.9%
2001Sammy Sosa
92.9%
2000Sammy Sosa
92.9%
1999Sammy Sosa
92.9%
1998Sammy Sosa
92.9%
1970Frank Howard
92.7%
2009Prince Fielder
92.2%
2007Prince Fielder
92.2%
1992Cecil Fielder
91.3%
1991Cecil Fielder
91.3%
1990Cecil Fielder
91.3%
1999Mark McGwire
90.8%
1998Mark McGwire
90.8%
1997Mark McGwire
90.8%
1996Mark McGwire
90.8%
1995Mark McGwire
90.8%
1992Mark McGwire
90.8%
1990Mark McGwire
90.8%
1988Mark McGwire
90.8%
1987Mark McGwire
90.8%
2006David Ortiz
90.8%
2005David Ortiz
90.8%
2008Manny Ramirez
89.5%
2005Manny Ramirez
89.5%
2004Manny Ramirez
89.5%
1999Ken Griffey Jr.
89.2%
1998Ken Griffey Jr
89.2%
1997Ken Griffey Jr
89.2%
1996Ken Griffey Jr
89.2%
1994Ken Griffey Jr
89.2%
1993Ken Griffey Jr
89.2%
2005Andruw Jones
88.3%
2009Adrian Gonzalez
86.4%
2001Luis Gonzalez
86.2%
1993Juan Gonzalez
86.1%
1992Juan Gonzalez
86.1%
2000Jeff Bagwell
79.2%
1997Jeff Bagwell
79.2%
1994Jeff Bagwell
79.2%
2003Jim Thome
79.1%
2002Jim Thome
79.1%
2001Jim Thome
79.1%
1995Frank Thomas
78.7%
1994Frank Thomas
78.7%
1993Frank Thomas
78.7%
Year Player % Correct
1982Gorman Thomas
78%
1980Gorman Thomas
78%
1979Gorman Thomas
78%
2008Adam Dunn
77.8%
2007Adam Dunn
77.8%
2004Adam Dunn
77.8%
1991Jose Canseco
74.2%
1990Jose Canseco
74.2%
1988Jose Canseco
74.2%
1986Mike Schmidt
71.5%
1984Mike Schmidt
71.5%
1983Mike Schmidt
71.5%
1981Mike Schmidt
71.5%
1980Mike Schmidt
71.5%
1979Mike Schmidt
71.5%
1977Mike Schmidt
71.5%
1976Mike Schmidt
71.5%
1975Mike Schmidt
71.5%
1974Mike Schmidt
71.5%
1982Reggie Jackson
70.1%
1980Reggie Jackson
70.1%
1975Reggie Jackson
70.1%
1974Reggie Jackson
70.1%
2000Vladimir Guerrero
69.7%
1997Larry Walker
68.2%
2006Lance Berkman
67.6%
2005Derrek Lee
67.3%
1973Hank Aaron
67.2%
1972Hank Aaron
67.2%
1971Hank Aaron
67.2%
2008Carlos Delgado
66.4%
1994Matt Williams
65.3%
1991Matt Williams
65.3%
1972Billy Williams
65.2%
1970Billy Williams
65.2%
1989Joe Carter
65.1%
1992Joe Carter
65.1%
1998Albert Belle
64.3%
1996Albert Belle
64.3%
1995Albert Belle
64.3%
1987George A. Bell
64%
2007Carlos Pena
63.6%
1991Cal Ripken
62.7%
1996Brady Anderson
62%
1990Darryl Strawberry
60.7%
1988Darryl Strawberry
60.7%
1987Darryl Strawberry
60.7%
1974Johnny Bench
60.6%
1972Johnny Bench
60.6%
1970Johnny Bench
60.6%
2006Alfonso Soriano
59.4%
1997Tino Martinez
58.8%
2002Rafael Palmeiro
58.5%
1999Rafael Palmeiro
58.5%
1987Andre Dawson
56.9%
1981Andre Dawson
56.9%
1991Howard Johnson
56.6%
1989Howard Johnson
56.6%
1973Davey Johnson
56.5%
1971Deron Johnson
56.5%
1983Jim Rice
55.7%
1979Jim Rice
55.7%
1978Jim Rice
55.7%
1977Jim Rice
55.7%
2004Adrian Beltre
55.4%
1973Willie Stargell
55.4%
1971Willie Stargell
55.4%
Year Player % Correct
2009Mark Reynolds
55.2%
1995Jay Buhner
52.1%
1987Dale Murphy
51.9%
1985Dale Murphy
51.9%
1984Dale Murphy
51.9%
1983Dale Murphy
51.9%
1982Dale Murphy
51.9%
1999Greg Vaughn
50.5%
1998Greg Vaughn
50.5%
1995Dante Bichette
50.3%
1990Ryne Sandberg
50.2%
1992Fred McGriff
49.2%
1989Fred McGriff
49.2%
1988Fred McGriff
49.2%
2000Troy Glaus
47.3%
1970Harmon Killebrew
47.2%
1996Andres Galarraga
46.2%
1981George Foster
44.3%
1978George Foster
44.3%
1977George Foster
44.3%
1976George Foster
44.3%
1971Lee May
43.8%
1985Don Mattingly
43.6%
1982Dave Winfield
43.5%
1986Dave Kingman
42.9%
1984Dave Kingman
42.9%
1982Dave Kingman
42.9%
1981Dave Kingman
42.9%
1979Dave Kingman
42.9%
1976Dave Kingman
42.9%
1975Dave Kingman
42.9%
1985Darrell Evans
42.1%
1973Darrell Evans
42.1%
1989Kevin Mitchell
42.1%
1989Glenn Davis
41.4%
1988Glenn Davis
41.4%
1993David Justice
41.4%
1985Carlton Fisk
39.7%
2003Richie Sexson
39.3%
1970Tony Perez
38.8%
2003Javy Lopez
37.1%
1979Fred Lynn
36.7%
1986Jesse Barfield
29.5%
1978Greg Luzinski
29.1%
1977Greg Luzinski
29.1%
1975Greg Luzinski
29.1%
1984Tony Armas
27.9%
1983Tony Armas
27.9%
1981Tony Armas
27.9%
1980Tony Armas
27.9%
1976Graig Nettles
27.5%
1974Dick Allen
25.7%
1972Dick Allen
25.7%
1978Don Baylor
25.4%
1986Gary Gaetti
25.4%
1985Steve Balboni
24.7%
1984Lance Parrish
22.1%
1986Rob Deer
21%
1983Ron Kittle
19.6%
1972Nate Colbert
19%
1980Ben Oglivie
18.7%
1977Jeff Burroughs
17%
1975George Scott
16.6%
1974Jim Wynn
15.7%
1976Rick Monday
15.2%
1978Larry Hisle
12%

You're not logged in!

Compare scores with friends on all Sporcle quizzes.
OR
Log In

From the Vault

Iron Things

by SporcleEXP

Wouldn't it be ironic if you felt a little rusty at trivia after this quiz?
Remove Ads.
Support Sporcle.
Get the best of Sporcle when you Go Orange. This ad-free experience offers more features, more stats, and more fun while also helping to support Sporcle. Thank you for becoming a member.

Show Comments

Extras

Top Quizzes Today


Score Distribution

Your Account Isn't Verified!

In order to create a playlist on Sporcle, you need to verify the email address you used during registration. Go to your Sporcle Settings to finish the process.

Report this User

Report this user for behavior that violates our Community Guidelines.

Details: